| 000 | 00963 a2200253 4500 | ||
|---|---|---|---|
| 001 | 53130 | ||
| 005 | 20260407155805.0 | ||
| 008 | 260407a1974 arg spa d | ||
| 003 | AR-UNSa-BCEJYS | ||
| 040 |
_aAR-UNSa-BCEJYS _bspa _cAR-UNSa-BCEJYS |
||
| 080 |
_a330.8 _xHistoria de las teorías, Doctrinas, Dogmas económicos (pensamiento económico) |
||
| 245 | 1 | 0 | _aFisiocracia, Smith, Ricardo, Marx |
| 020 | _a84-281-0264-3 | ||
| 264 | 1 |
_aBarcelona : _bOikos-tau _c1974 |
|
| 300 |
_a183 p. _c21 cm. |
||
| 505 | _a1. Sobre el estado actual de la ciencia económica - 2. Los fisiócratas - 3. Adam Smith - 4. David Ricardo - 5. Trabajo abstracto,cambio y capital en Marx | ||
| 041 | _aspa | ||
| 942 | _cBK | ||
| 590 | _aniveau_biblio:m niveau_hierar:0 | ||
| 100 | 1 | _aNapoleoni, Claudio | |
| 700 | 1 | _aBramon, Dolors | |
| 700 | 1 | _aLlombart Rosa, Vicente | |
| 856 | 4 | 1 |
_uhttps://biblioeco.unsa.edu.ar/pmb/images/libros/L128534.jpg _yImagen de portada _qimage/jpeg |
| 999 |
_c5110 _d5110 |
||